| 000 | 00540nam a2200133Ia 4500 | ||
|---|---|---|---|
| 008 | 171212s9999 xx 000 0 und d | ||
| 020 | _a9781760460686 | ||
| 245 |
_ceditor Davies, Gloria;Goldkorn, Jeremy;Tomba, Luigi _aPollution |
||
| 260 |
_bANU E Press _c2016 |
||
| 440 | _aChina Story Yearbook | ||
| 650 | _aEnvironmental Science | ||
| 650 | _aPollution -- China; Economic development -- Environmental aspects -- China China -- Environmental conditions; China -- Politics and government | ||
| 856 | _uhttp://jstor.org/stable/j.ctt1rqc934 | ||
| 999 |
_c351264 _d351264 |
||